000 00506nam a2200169Ia 4500
999 _c16083
_d16083
003 OSt
005 20200606115848.0
008 190216s9999||||xx |||||||||||||| ||und||
040 _cMESKC library
082 _a891.43
_bSHA/K
100 _aBharathwaj, Balakrishna
_9253
245 0 _aKurukshethre ke Paryatak Sthal /
_cBalakrishna Bharathwaj
260 _bNisal Publications,
_aDelhi:
_c2001.
300 _a104p
650 _aHindi
942 _cBK
_2ddc
_h891.43
_iSHA/K
_k891.43
_mSHA/K